000
00304nam a22001337a 4500
008
181009b xxu||||| |||| 00| 0 eng d
020
_a
0675 054850 03
041
_a
eng
080
_a
510
100
_a
38
101
_a
MAT
245
_a
Algebra Two with Trigonometry
_c
Merrill,Ch.E
942
_2
udc
_c
BK
999
_c
49146
_d
49146